Statistics for The Walking Dead Season Two Quiz

Click here to take the quiz!

General Stats

  • This quiz has been taken 6 times
  • The average score is 12 of 15

Answer Stats

HintAnswer% Correct
Who is Dale keeping an eye on after revealing she's suicidal at the CDCAndrea
100%
Where did they find Carol's Daughter?Barn
100%
Who's Daughter is lost in the forest at the beggining of the seasonCarol
100%
Who falls in love with Hershel's oldest daughterGlenn
100%
Who owns the Farm?Hershel
100%
Who is his oldest Daughter?Maggie
100%
What is shown at the end of Season 2 (Their New Home In Seasons 3 and 4)Prison
100%
What's the Daughter's NameSophia
100%
Who is his youngest Daughter?Beth
80%
Who dies by a walker that Carl could have killed early that day.Dale
80%
Who shoots Carl in the forest injuring himOtis
80%
Who provokes Rick to kill himShane
80%
Andrea Grazes Who in the skull thinking he is a walker (Survives With No Damage)Daryl
60%
What happens to Hershel's Farm at the end of the seasonBurned Down
20%
Why?Gun Shot
20%

Score Distribution

Percentile by Number Answered

Percent of People with Each Score

Your Score History

You have not taken this quiz